BUSINESS STATISTICS (Record no. 8858)

MARC details
000 -LEADER
fixed length control field 00589nam a22001697a 4500
003 - CONTROL NUMBER IDENTIFIER
control field SGT
020 ## - INTERNATIONAL STANDARD BOOK NUMBER
International Standard Book Number 9788191064230
082 ## - DEWEY DECIMAL CLASSIFICATION NUMBER
Classification number 519.5,KHA
100 ## - MAIN ENTRY--PERSONAL NAME
Personal name KHANDELWAL,S.K
245 ## - TITLE STATEMENT
Title BUSINESS STATISTICS
250 ## - EDITION STATEMENT
Edition statement 2ND
260 ## - PUBLICATION, DISTRIBUTION, ETC. (IMPRINT)
Place of publication, distribution, etc NEW DELHI
Name of publisher, distributor, etc INTERNATIONAL BOOK HOUSE
Year of Publication 2011
300 ## - PAGE DESCRIPTION
No. of Pages 568
650 ## - SUBJECT ADDED ENTRY--TOPICAL TERM
Topical term or geographic name as entry element PROBABILITIES & APPLIED MATHEMATICS
653 ## - KEYWORDS--INDEX TERM
Keyword term STATISTICS: AN INTRODUCTION, DATA COLLECTION, FREQUENCY DISTRIBUTION AND PRESENTATION OF DATA, MEASURES OF CENTRAL TENDENCY, MEASURES OF DISPERSION, MOMENTS SKEWNESS AND KURTOSIS, CORRELATION ANANLYSIS
942 ## - ADDED ENTRY ELEMENTS (KOHA)
Source of classification or shelving scheme Dewey Decimal Classification
Koha item type FCM Books
942 ## - ADDED ENTRY ELEMENTS (KOHA)
-- 61
Holdings
Withdrawn status Lost status Source of classification or shelving scheme Damaged status Not for loan Home library Current library Shelving location Date acquired Vendor Name Cost, normal purchase price SGTU Bill Number Total Checkouts Full call number Accession No. (Barcode) Date last seen Date last borrowed Bill Date Koha item type
    Dewey Decimal Classification     SGT Science & Social Sciences Library SGT Science & Social Sciences Library On Display 31/05/2016 IBH 675.00 SGTU 14729 64 519.5,KHA CM206 14/12/2024 04/12/2024 11/11/2013 FCM Books
    Dewey Decimal Classification     SGT Science & Social Sciences Library SGT Science & Social Sciences Library On Display 31/05/2016 IBH 675.00 SGTU 14729 58 519.5,KHA CM207 15/01/2025 10/01/2025 11/11/2013 FCM Books